Normal view
MARC view
Entry Término temático
001 - NÚMERO DE CONTROL
- campo de control: 49539
003 - IDENTIFICADOR DEL NÚMERO DE CONTROL
- campo de control: OSt
005 - FECHA Y HORA DE LA ÚLTIMA TRANSACCIÓN
- campo de control: 20240410105637.0
008 - DATOS DE LONGITUD FIJA
- campo de control de longitud fija: 240410|| aca||aabn | a|a d
040 ## - FUENTE DE LA CATALOGACIÓN
- Centro catalogador/agencia de origen: OSt
- Centro/agencia transcriptor: OSt
150 ## - ENCABEZAMIENTO--TÉRMINO DE MATERIA
- Término de materia o nombre geográfico como elemento de entrada: El mate de coca de 2 dólares
670 ## - FUENTE DE DATOS ENCONTRADOS
- Cita de la fuente: Work cat.: (OSt): Rojas Loyola, Lis Geraldine. 49526, Las Aventuras de la Señorita Anger /, 2022